000 02366cam a22005174i 4500
003 PE-LiUPU
005 20250731165500.0
008 150623s r 000 0 d
020 _a185075893X
035 _a(Sirsi) i9781850758938
040 _aPE-LiUPU
_bspa
_cPE-LiUPU
_erda
049 _aPRUA
082 0 4 _a225.077
_bJ
_221
100 1 _aJasper, Alison,
_eautor.
245 1 4 _aThe shining garment of the text :
_bgendered readings of John's prologue.
_n165 /
_cAlison Jasper.
264 1 _aSheffield, Great Britain :
_bSheffield Academic Press,
_c1998.
300 _a266 páginas ;
_c24 centímetros
336 _atext
_2rdacontent
337 _aunmediated
_2rdamedia
338 _avolume
_2rdacarrier
490 0 _a(Journal for the Study of the N.T. Supplement Series, 165. Gender, Culture, Theory ;
_v6
504 _aIncluye bibliografía.
505 0 _aHaving his cake and eating it: the symbolism of gender in augustine's tractates on the prologue of John's gospel. -Hildegard of bingen 1098-1179: visionary reflections on the prologue. -Riddles for feminist readers: maartin luther's sermons. -Demythologizing (the feminine) whithin Rudolf Bultmann's commentary on the prologue (John 1.1-18). -Which came first: word or the words? towards a feminist transformation. -Flesh insights on the prologue of John's gospel. -in the beginning was love. -Conclusion: wrestling the angel.
526 _aSEG44
526 _aSEG26
526 _aP151
526 _aP150
526 _aP149
526 _aP146
526 _aP145
526 _aP126
526 _aP125
526 _aP92
526 _aP75
526 _aP74
526 _aP27
526 _aP15
630 _aBiblia.
_pN.T.
_pJuan
_xCrítica feminista.
630 _aBiblia.
_pN.T.
_pJuan
_xCrítica interpretación, etc.
942 _2ddc
_cBOOK
949 _aRC 225.077 J 165
_wDEWEY
_c1
_i45636
_lCCODEBUL1
_mBUL
_r0
_sY
_tBOOK
_u2015-6-24
_xTEOLOGIA
_PP35
_0COMPRA
_o.CIRCNOTE. No olvidar cambiar la fecha de devolución!!!!!!!
_o.STAFF. Colección General
994 _aC0
_bPEPRU
596 _a1
999 _aRC 225.077 J 165
_wDEWEY
_c22508
_i45636
_f2021-11-8
_g6
_lCCODEBUL1
_mBUL
_r1
_sY
_tBOOK
_u2015-6-24
_xTEOLOGIA
_PP35
_0COMPRA
_o.CIRCNOTE. No olvidar cambiar la fecha de devolución!!!!!!!
_o.STAFF. Colección General
_d22508
980 _81
_gALBERTO SANCHEZ Responsable de Automatización